<?xml version="1.0" encoding="UTF-8"?><?xml-stylesheet type="text/xsl" href="static/style.xsl"?><OAI-PMH xmlns="http://www.openarchives.org/OAI/2.0/" xmlns:xsi="http://www.w3.org/2001/XMLSchema-instance" xsi:schemaLocation="http://www.openarchives.org/OAI/2.0/ http://www.openarchives.org/OAI/2.0/OAI-PMH.xsd"><responseDate>2026-04-27T18:36:37Z</responseDate><request verb="GetRecord" identifier="oai:riubu.ubu.es:10259/10015" metadataPrefix="marc">https://riubu.ubu.es/oai/request</request><GetRecord><record><header><identifier>oai:riubu.ubu.es:10259/10015</identifier><datestamp>2025-01-24T01:05:24Z</datestamp><setSpec>com_10259_8005</setSpec><setSpec>com_10259_5086</setSpec><setSpec>com_10259_2604</setSpec><setSpec>col_10259_8021</setSpec></header><metadata><record xmlns="http://www.loc.gov/MARC21/slim" xmlns:doc="http://www.lyncode.com/xoai" xmlns:xsi="http://www.w3.org/2001/XMLSchema-instance" xmlns:dcterms="http://purl.org/dc/terms/" xsi:schemaLocation="http://www.loc.gov/MARC21/slim http://www.loc.gov/standards/marcxml/schema/MARC21slim.xsd">
<leader>00925njm 22002777a 4500</leader>
<datafield tag="042" ind1=" " ind2=" ">
<subfield code="a">dc</subfield>
</datafield>
<datafield tag="720" ind1=" " ind2=" ">
<subfield code="a">Pardo Beneyto, Gonzalo</subfield>
<subfield code="e">author</subfield>
</datafield>
<datafield tag="720" ind1=" " ind2=" ">
<subfield code="a">Antón Merino, Javier</subfield>
<subfield code="e">author</subfield>
</datafield>
<datafield tag="260" ind1=" " ind2=" ">
<subfield code="c">2024-11</subfield>
</datafield>
<datafield tag="520" ind1=" " ind2=" ">
<subfield code="a">La convocatoria de las elecciones generales del 23 de julio de 2023 estuvo marcada por los resultados de las elecciones autonómicas del 28 de mayo del mismo año.&#xd;
La premura con la que se disolvieron las Cortes marcó la forma en la que se elaboraron las candidaturas y, por ello, se utilizaron métodos ad hoc para la selección de&#xd;
las listas electorales por algunas formaciones.&#xd;
Este trabajo ha tenido en cuenta tanto las instituciones formales como la selección&#xd;
efectiva de candidatos (Freidenberg, 2003). El análisis formal se ha realizado mediante&#xd;
los estatutos y su normativa de desarrollo; mientras que los resultados de selección se han&#xd;
conformado mediante las listas electorales publicadas por la Junta Electoral Central y la&#xd;
hemeroteca. Este se ha centrado en las principales formaciones de ámbito nacional como&#xd;
son: el Partido Popular (PP), el Partido Socialista Obrero Español (PSOE), Sumar y Vox.&#xd;
En el caso de Sumar, se han analizado los dos partidos con implantación estatal como&#xd;
son Podemos e Izquierda Unida (IU), a nivel formal. El capítulo sigue, en líneas generales, la metodología utilizada por Pardo-Beneyto y Barberà (2023).&#xd;
Así, el texto se divide de la siguiente forma, después de esta introducción se&#xd;
define la regulación para, posteriormente, centrarse en la selección efectiva de los&#xd;
candidatos. Por último, se formularán una serie de consideraciones finales.</subfield>
</datafield>
<datafield tag="024" ind2=" " ind1="8">
<subfield code="a">978-84-7476-945-6</subfield>
</datafield>
<datafield tag="024" ind2=" " ind1="8">
<subfield code="a">978-84-7476-946-3</subfield>
</datafield>
<datafield tag="024" ind2=" " ind1="8">
<subfield code="a">http://hdl.handle.net/10259/10015</subfield>
</datafield>
<datafield tag="245" ind1="0" ind2="0">
<subfield code="a">El ser y el deber ser en la selección de candidatos en elecciones adelantadas</subfield>
</datafield>
</record></metadata></record></GetRecord></OAI-PMH>